Statistiche per Top 15 dei paesi con decessi Covid-19 - 11 maggio 2022

Clicka qui per fare il quiz!

Statistiche generali

  • Questo quiz è stato fatto 17 volte
  • Il punteggio medio è 14 su 27

Statistiche sulle risposte

paese% Corretto
Italia
100%
Regno Unito
100%
Stati Uniti
100%
Francia
94%
Messico
94%
Russia
94%
Brasile
88%
Germania
88%
Argentina
81%
India
81%
Perù
63%
Colombia
56%
Polonia
50%
Iran
44%
Croazia
31%
Slovacchia
31%
Slovenia
31%
Cechia
25%
Lettonia
25%
Lituania
25%
Romania
25%
Ungheria
25%
Bulgaria
19%
Indonesia
19%
Bosnia ed Erzegovina
13%
Georgia
6%
Macedonia del Nord
6%

Distribuzione punteggi

Percentile per numero di risposta

Percentuale di utenti per punteggio

I tuoi punteggi nel tempo

Non hai fatto questo quiz